000 00726nam a22002057a 4500
005 20100812122126.0
010 _aENG-99787
020 _c395.00
035 _aEN-83319
037 _bDBAD/PUB
082 _a621.37
100 _aDatta, Nilkanta
_911717
245 _aElectrical & electronic measurements and instrumentation engineering /
_cby Nilkanta, Datta
260 _aKolkata
_bBooks and Allied
_c2009
270 _a8/1 Chintamoni Das Lane
_bKolkatta
_e700009
300 _a922p.
_c24cm (pbk)
500 _aIncluded index
942 _2ddc
_cEN
_h621.37
_mDAT
999 _c41295
_d41295